| 000 | 00822nam a2200277 a 4500 | ||
|---|---|---|---|
| 001 | 000107984 | ||
| 003 | CHAP | ||
| 005 | 20220329143952.0 | ||
| 008 | 131125s2012 mx a |r| |||||||spa|d | ||
| 010 | _a104446 | ||
| 011 | _a105418 | ||
| 020 | _a9786071202765 | ||
| 040 | _cCHAP | ||
| 090 | _aFolleto 18374 | ||
| 245 | 0 | 0 |
_aInjerto de nogal pecanero / _cpor Jesús Guadalupe Arreola Ávila ...[et al.]. |
| 260 | 3 |
_aChapingo, Méx. : _bUACH, Unidad Regional Universitaria de Zonas Áridas, _c2012. |
|
| 300 |
_a24 p. : _bil. |
||
| 490 | 0 | _aFolleto técnico, 2 | |
| 590 |
_aE792CSJ _b05 _c20131125 _lUCH01 _h1359 |
||
| 650 | 1 | 4 |
_aNogal _xInjertos. _981559 |
| 650 | 1 | 4 |
_aPecán _xEfecto del medio ambiente. _986489 |
| 700 | 0 |
_aArreola Avila, Jesús Guadalupe. _97439 |
|
| 901 | _aBK | ||
| 942 | _cFOLL | ||
| 942 | _n0 | ||
| 999 |
_c104446 _d104446 |
||